[Event "Unna Open 2023"]
[Site "Unna"]
[Date "2023.12.28"]
[Round "4.18"]
[White "Wenning, Niels"]
[Black "Krolik, Wilfried"]
[Result "1-0"]
[WhiteElo "1914"]
[BlackElo "1545"]
[PlyCount "133"]
[EventDate "2023.12.??"]
[EventType "swiss"]
[EventRounds "7"]
[EventCountry "GER"]
[Tiebreak "Progressive score"]
[SourceVersionDate "2023.12.27"]

1. e4 e5 2. Nf3 Nf6 3. d4 exd4 4. e5 Nd5 5. Qxd4 Nb6 6. Nc3 Nc6 7. Qe4 h6 8.
Be3 Bb4 9. Bd3 Qe7 10. O-O Bxc3 11. bxc3 d5 12. exd6 Qxe4 13. Bxe4 cxd6 14.
Rad1 Ke7 15. Bf4 Rd8 16. Bxc6 bxc6 17. Nd4 Bb7 18. Nf5+ Kf8 19. Bxd6+ Kg8 20.
Rfe1 Ba6 21. Ne7+ Kh7 22. Nxc6 Rdc8 23. Nb4 Bb5 24. Be5 a5 25. Nd3 Ba4 26. Re2
Nd5 27. Nb2 Bc6 28. c4 Nb6 29. Red2 Be4 30. f3 Bg6 31. Rd4 Bxc2 32. Rc1 Bf5 33.
c5 Nd7 34. Bd6 Ra6 35. Na4 Rac6 36. Kf2 Be6 37. a3 Bb3 38. Rc3 Bxa4 39. Rxa4
Nxc5 40. Bxc5 Rxc5 41. Rxc5 Rxc5 42. Ke3 Kg6 43. h4 h5 44. Kd4 Rb5 45. g3 Rf5
46. Ke4 Rb5 47. Rd4 f5+ 48. Ke3 Kf6 49. a4 Re5+ 50. Kf4 Rc5 51. Rd6+ Kf7 52.
Rd7+ Kf6 53. Rd4 g6 54. Rd6+ Kf7 55. Kg5 Rc3 56. Rf6+ Ke7 57. Rxg6 Rxf3 58.
Kxh5 Ra3 59. Rg5 Ke6 60. Kg6 Rxa4 61. h5 f4 62. gxf4 Rxf4 63. h6 Rf6+ 64. Kg7
Rf7+ 65. Kg8 Ke7 66. Re5+ Kf6 67. Rf5+ 1-0

[Event "Unna Open 2023"]
[Site "Unna"]
[Date "2023.12.28"]
[Round "4.19"]
[White "Krüger, André"]
[Black "Westermann, Walter"]
[Result "1-0"]
[WhiteElo "1907"]
[BlackElo "1681"]
[PlyCount "46"]
[EventDate "2023.12.??"]
[EventType "swiss"]
[EventRounds "7"]
[EventCountry "GER"]
[Tiebreak "Progressive score"]
[SourceVersionDate "2023.12.27"]

1. c4 c6 2. Nf3 Nf6 3. g3 g6 4. Bg2 Bg7 5. d4 d5 6. Nbd2 O-O 7. b3 a5 8. Bb2
Bf5 9. Nh4 Be6 10. O-O Qb6 11. Qc2 Rd8 12. e3 a4 13. Ba3 Re8 14. b4 dxc4 15.
Nxc4 Qb5 16. Rfc1 g5 17. Nf3 Bf5 18. Qb2 Be4 19. Ncd2 Bd5 20. Rc5 Qd3 21. Ne5
Qe2 22. e4 Be6 23. b5 Nbd7 1-0

[Event "Unna Open 2023"]
[Site "Unna"]
[Date "2023.12.28"]
[Round "4.20"]
[White "Kramer, Martin"]
[Black "Hart, Klaus"]
[Result "0-1"]
[WhiteElo "1622"]
[BlackElo "1873"]
[PlyCount "114"]
[EventDate "2023.12.??"]
[EventType "swiss"]
[EventRounds "7"]
[EventCountry "GER"]
[Tiebreak "Progressive score"]
[SourceVersionDate "2023.12.27"]

1. Nf3 c5 2. c4 b6 3. e3 e6 4. a3 Bb7 5. d4 d5 6. Nc3 Nf6 7. cxd5 exd5 8. Bb5+
Bc6 9. Be2 Be7 10. O-O O-O 11. dxc5 bxc5 12. b3 Nbd7 13. Bb2 Qb6 14. Rb1 Rab8
15. Nd2 Rfd8 16. Bf3 Ne5 17. Ba1 Rb7 18. Be2 d4 19. exd4 cxd4 20. Na4 Bxa4 21.
bxa4 Qc7 22. Bb5 Bxa3 23. Nf3 Nxf3+ 24. Qxf3 Be7 25. Rbd1 Bc5 26. Rd3 Rb6 27.
Rfd1 Rbd6 28. Qf4 Qb6 29. Bc4 Qb4 30. Bb3 Nd5 31. Qg3 Nc3 32. Bxc3 dxc3 33. Bc2
Rxd3 34. Rxd3 Rxd3 35. Qxd3 Qd4 36. Qxd4 Bxd4 37. Kf1 Kf8 38. h4 h6 39. h5 Ke7
40. Ke2 Bc5 41. f3 Kf6 42. Kd3 Bb4 43. Kc4 a5 44. Be4 Ke5 45. g4 Kf4 46. Kd3
Kg5 47. Kc2 g6 48. hxg6 fxg6 49. Kd3 h5 50. gxh5 gxh5 51. Ke3 h4 52. f4+ Kg4
53. f5 Be7 54. Kf2 Kf4 55. Bd3 Bf6 56. Bc2 h3 57. Bd3 Bd4+ 0-1

[Event "Unna Open 2023"]
[Site "Unna"]
[Date "2023.12.28"]
[Round "4.21"]
[White "Krämer, Sascha"]
[Black "Soppe, Peter"]
[Result "1/2-1/2"]
[WhiteElo "1858"]
[BlackElo "1451"]
[Annotator "Medger,Gernot"]
[PlyCount "136"]
[EventDate "2023.12.??"]
[EventType "swiss"]
[EventRounds "7"]
[EventCountry "GER"]
[Tiebreak "Progressive score"]
[SourceVersionDate "2023.12.27"]

1. e4 c5 2. d4 cxd4 3. c3 dxc3 4. Nxc3 a6 5. Nf3 Nc6 6. Bc4 e6 7. O-O Bc5 8.
Bf4 Nge7 9. a3 O-O 10. b4 Ba7 11. Ra2 b5 12. Bb3 Ng6 13. Bd6 Re8 14. Rd2 Nh4
15. Ne1 Bb8 16. g3 Bxd6 17. Rxd6 Ng6 18. Nd3 Nf8 19. Nc5 Ra7 20. Qd2 h6 21. Rd1
Qb6 22. Ne2 Qb8 23. Nf4 Ne5 24. Qb2 f6 25. Nh5 Nf7 26. R6d2 Qe5 27. Nf4 Qxb2
28. Rxb2 a5 29. Rc1 d6 30. Ncd3 axb4 31. axb4 Ng5 32. Rc6 Bb7 33. Rc1 Bxe4 34.
Ne1 Nf3+ 35. Nxf3 Bxf3 36. Nd3 Rea8 37. Ne1 Ra1 38. Rbb1 Rxb1 39. Rxb1 Be2 40.
f3 d5 41. Rb2 Bc4 42. Bc2 Ra3 43. Kf2 Nd7 44. f4 Nb6 45. Nf3 Na4 46. Bxa4 Rxa4
47. Nd2 Kf7 48. Ke3 Ke7 49. Nf3 Kd6 50. Rb1 Ra3+ 51. Kf2 Ra7 52. Ke3 e5 53. Nh4
Ra3+ 54. Kf2 Bd3 55. Rc1 Ra2+ 56. Ke3 Bc4 57. Nf5+ Kc6 58. Nxg7 Rxh2 59. Ra1
$11 Re2+ 60. Kf3 e4+ 61. Kg4 e3 62. Nf5 Ra2 63. Rxa2 Bxa2 64. Nd4+ Kd7 65. Kf3
e2 66. Kxe2 Bc4+ 67. Ke3 h5 68. Nf5 Ke6 1/2-1/2

[Event "Unna Open 2023"]
[Site "Unna"]
[Date "2023.12.28"]
[Round "4.23"]
[White "Bilau, Max"]
[Black "Medger, Gernot"]
[Result "1/2-1/2"]
[WhiteElo "1553"]
[BlackElo "1813"]
[Annotator "Medger,Gernot"]
[PlyCount "25"]
[EventDate "2023.12.??"]
[EventType "swiss"]
[EventRounds "7"]
[EventCountry "GER"]
[Tiebreak "Progressive score"]
[SourceVersionDate "2023.12.27"]

1. d4 d6 2. e4 Nf6 3. Nc3 Nbd7 4. f4 e5 5. Nf3 exd4 6. Qxd4 Nc5 7. Bc4 Be6 8.
Ng5 Bxc4 9. Qxc4 Qd7 10. Be3 h6 11. Nf3 O-O-O 12. O-O-O Qe6 13. Qxe6+ 1/2-1/2

[Event "Unna Open 2023"]
[Site "Unna"]
[Date "2023.12.28"]
[Round "4.24"]
[White "Vollenberg, Jörg"]
[Black "Meyer, Ulrich"]
[Result "1/2-1/2"]
[WhiteElo "1543"]
[BlackElo "1829"]
[PlyCount "97"]
[EventDate "2023.12.??"]
[EventType "swiss"]
[EventRounds "7"]
[EventCountry "GER"]
[Tiebreak "Progressive score"]
[SourceVersionDate "2023.12.27"]

1. d4 d5 2. c4 e6 3. Nc3 Nf6 4. e3 Be7 5. Nf3 O-O 6. Be2 Nbd7 7. O-O b6 8. b3
Bb7 9. Bb2 h6 10. Rc1 c6 11. Re1 Bd6 12. Bd3 Re8 13. e4 dxe4 14. Nxe4 Nxe4 15.
Bxe4 Nf6 16. Bb1 Qc7 17. Qc2 Qe7 18. Ne5 g6 19. Kf1 Bxe5 20. Rxe5 Nd7 21. Re3
Rac8 22. Qd2 Qg5 23. Qc3 Qf6 24. Rf3 Qg7 25. Rg3 Rcd8 26. Re1 c5 27. Qd2 cxd4
28. Bxd4 Nc5 29. Bxg7 Rxd2 30. Bxh6 Rd7 31. Bg5 Kg7 32. Rh3 f5 33. Bh6+ Kf6 34.
Rhe3 g5 35. f4 g4 36. Bg5+ Kg6 37. h3 gxh3 38. Rxh3 Be4 39. Rh6+ Kg7 40. Ke2
Bxb1 41. Reh1 Rg8 42. Rh7+ Kf8 43. Rxd7 Nxd7 44. Rxb1 Nc5 45. Rd1 Kf7 46. Kf3
e5 47. Rd6 Ne6 48. Rd7+ Kg6 49. Rd6 1/2-1/2

[Event "Unna Open 2023"]
[Site "Unna"]
[Date "2023.12.28"]
[Round "4.25"]
[White "Alnajmi, Mustafa"]
[Black "Alberts, Kai"]
[Result "1/2-1/2"]
[WhiteElo "1608"]
[BlackElo "1907"]
[PlyCount "59"]
[EventDate "2023.12.??"]
[EventType "swiss"]
[EventRounds "7"]
[EventCountry "GER"]
[Tiebreak "Progressive score"]
[SourceVersionDate "2023.12.27"]

1. b3 e5 2. Bb2 d6 3. d4 exd4 4. Qxd4 Be6 5. e4 a6 6. Nc3 Nc6 7. Qd2 Be7 8. Nd5
Bf6 9. Nxf6+ Nxf6 10. f3 h6 11. O-O-O O-O 12. Nh3 d5 13. e5 Nd7 14. f4 Nc5 15.
Nf2 a5 16. Bb5 Ne7 17. g4 c6 18. f5 cxb5 19. f6 Ng6 20. h4 a4 21. h5 Nxe5 22.
fxg7 Kxg7 23. Bxe5+ f6 24. Bd4 Qc7 25. b4 Ne4 26. Qe3 Rac8 27. Qd3 Qf4+ 28. Be3
Qe5 29. Bd4 Qf4+ 30. Be3 1/2-1/2

[Event "Unna Open 2023"]
[Site "Unna"]
[Date "2023.12.28"]
[Round "4.26"]
[White "Hart, Theo"]
[Black "Schweda, Albert"]
[Result "1-0"]
[WhiteElo "1889"]
[BlackElo "1479"]
[PlyCount "127"]
[EventDate "2023.12.??"]
[EventType "swiss"]
[EventRounds "7"]
[EventCountry "GER"]
[Tiebreak "Progressive score"]
[SourceVersionDate "2023.12.27"]

1. d4 d5 2. Nf3 Bf5 3. e3 Nf6 4. c4 e6 5. Nc3 Bb4 6. Bd2 Nc6 7. cxd5 exd5 8.
Bb5 Bd6 9. Qb3 a6 10. Be2 Na5 11. Qa4+ c6 12. Nxd5 Nxd5 13. Bxa5 Qe7 14. Bd2
O-O 15. O-O Be4 16. Rfe1 f5 17. Rac1 Rac8 18. a3 Rf6 19. Qd1 Rh6 20. h3 g5 21.
Bc3 g4 22. Ne5 gxh3 23. f3 Nxe3 24. Qb3+ Bd5 25. Bc4 Qg5 26. Bxd5+ Nxd5 27. Rc2
Rc7 28. Rce2 Qg3 29. Bd2 f4 30. Bxf4 Qxf4 31. Re4 Qd2 32. Rg4+ Rg7 33. Qd1 Qxd1
34. Rxg7+ Kxg7 35. Rxd1 Nf4 36. g3 Ne2+ 37. Kh2 Bxe5 38. dxe5 Rg6 39. g4 Nf4
40. Kg3 Nd5 41. f4 h5 42. g5 h2 43. Rh1 Re6 44. Rxh2 Kg6 45. Kf3 Ne7 46. Ke4
Nf5 47. Rd2 h4 48. Rd8 Re7 49. Rf8 Nd6+ 50. Kf3 Nf5 51. Rf6+ Kg7 52. Rxf5 c5
53. Rf6 Rc7 54. f5 c4 55. Rd6 c3 56. bxc3 Rxc3+ 57. Kg4 h3 58. Rd7+ Kf8 59. Rh7
Rxa3 60. f6 Re3 61. Kf5 a5 62. Kg6 Ke8 63. f7+ Ke7 64. Rh8 1-0

[Event "Unna Open 2023"]
[Site "Unna"]
[Date "2023.12.28"]
[Round "4.27"]
[White "Feldhaus, Thomas"]
[Black "Deno, Thomas"]
[Result "1-0"]
[WhiteElo "1849"]
[BlackElo "1542"]
[PlyCount "35"]
[EventDate "2023.12.??"]
[EventType "swiss"]
[EventRounds "7"]
[EventCountry "GER"]
[Tiebreak "Progressive score"]
[SourceVersionDate "2023.12.27"]

1. e4 g6 2. d4 Bg7 3. Nc3 d6 4. Bg5 h6 5. Be3 Nd7 6. Qd2 Ngf6 7. f3 e5 8. Nge2
c6 9. g4 exd4 10. Nxd4 c5 11. Ndb5 Ne5 12. Nxd6+ Kf8 13. Be2 Nfd7 14. O-O-O Qb6
15. f4 Nc6 16. Bc4 Nb4 17. Nxc8 Rxc8 18. Qxd7 1-0

[Event "Unna Open 2023"]
[Site "Unna"]
[Date "2023.12.28"]
[Round "4.28"]
[White "Pennekamp, Christoph"]
[Black "Barskij, Aleksandr"]
[Result "0-1"]
[WhiteElo "1476"]
[BlackElo "1805"]
[PlyCount "80"]
[EventDate "2023.12.??"]
[EventType "swiss"]
[EventRounds "7"]
[EventCountry "GER"]
[Tiebreak "Progressive score"]
[SourceVersionDate "2023.12.27"]

1. d4 Nf6 2. c4 g6 3. Nc3 d5 4. Bg5 Ne4 5. Nxe4 dxe4 6. e3 c5 7. d5 Qa5+ 8. Qd2
Qxd2+ 9. Kxd2 Bg7 10. Rb1 Nd7 11. Ne2 Ne5 12. Nc3 f5 13. Nb5 Kd7 14. Be2 a6 15.
Nc3 Nf7 16. Bf4 Be5 17. Na4 Kd6 18. b4 cxb4 19. Rxb4 Bd7 20. c5+ Kc7 21. Nb6
Rad8 22. Rhb1 Bc6 23. Bc4 g5 24. Bg3 a5 25. R4b3 Bxg3 26. hxg3 Ne5 27. d6+ exd6
28. Nd5+ Kb8 29. Kc3 Nxc4 30. Ne7 Ne5 31. Nxc6+ Nxc6 32. Rxb7+ Ka8 33. R7b6 Nb4
34. a3 Nd5+ 35. Kc4 Nxb6+ 36. Rxb6 dxc5 37. Ra6+ Kb7 38. Rxa5 Ra8 39. Rb5+ Ka6
40. a4 Rab8 0-1

[Event "Unna Open 2023"]
[Site "Unna"]
[Date "2023.12.28"]
[Round "4.29"]
[White "Weiner, Timon Liam"]
[Black "Reufer, Berthold"]
[Result "0-1"]
[WhiteElo "1270"]
[BlackElo "1783"]
[PlyCount "76"]
[EventDate "2023.12.??"]
[EventType "swiss"]
[EventRounds "7"]
[EventCountry "GER"]
[Tiebreak "Progressive score"]
[SourceVersionDate "2023.12.27"]

1. e4 e6 2. d4 d5 3. exd5 exd5 4. c4 Be6 5. Nc3 Bb4 6. a3 Bxc3+ 7. bxc3 dxc4 8.
Qa4+ Qd7 9. Qb4 Bd5 10. Bf4 Nc6 11. Qxb7 Nxd4 12. Qb2 Nb3 13. Rd1 Qe6+ 14. Ne2
c6 15. Be3 Nf6 16. Nf4 Qe7 17. Nxd5 cxd5 18. Be2 O-O 19. O-O Rab8 20. Qa2 Rfd8
21. Rfe1 Ne4 22. Bd4 Nxd4 23. Rxd4 Nxc3 24. Qd2 Nxe2+ 25. Rxe2 Rb1+ 26. Qd1
Rxd1+ 27. Rxd1 Qxe2 28. Rf1 Re8 29. h3 d4 30. Rc1 Qe1+ 31. Rxe1 Rxe1+ 32. Kh2
c3 33. Kg3 c2 34. Kf4 c1=Q+ 35. Kg3 Qc7+ 36. f4 Re3+ 37. Kh4 Qxf4+ 38. g4 Qh6#
0-1

[Event "Unna Open 2023"]
[Site "Unna"]
[Date "2023.12.28"]
[Round "4.30"]
[White "Winter, Magnus"]
[Black "Borch, Roland"]
[Result "0-1"]
[WhiteElo "1780"]
[BlackElo "1382"]
[Annotator "Medger,Gernot"]
[PlyCount "94"]
[EventDate "2023.12.??"]
[EventType "swiss"]
[EventRounds "7"]
[EventCountry "GER"]
[Tiebreak "Progressive score"]
[SourceVersionDate "2023.12.27"]

1. e4 d6 2. d4 g6 3. Nc3 c6 4. a4 Nf6 5. Nf3 Bg7 6. Be2 O-O 7. O-O a5 8. Be3 h6
9. h3 Kh7 10. Ne1 Na6 11. f4 Bd7 12. e5 Ng8 13. Nf3 Nc7 14. Bd3 f5 15. exf6
Bxf6 16. Ne4 Nd5 17. Nxf6+ exf6 18. Bd2 f5 19. c3 Re8 20. Re1 Rxe1+ 21. Qxe1
Qe7 $11 22. Qxe7+ Ngxe7 23. Re1 Re8 24. Bc1 Ng8 25. Rxe8 Bxe8 26. g3 b5 27.
axb5 cxb5 28. Bxb5 Bxb5 29. Nd2 Ba6 30. c4 Nb6 31. b3 a4 32. c5 dxc5 33. dxc5
Nc8 34. b4 Bb5 35. Nb1 Nf6 36. Nc3 Na7 37. Bb2 Ne8 38. Kf2 Kg8 39. Ke3 Kf7 40.
Nxb5 Nxb5 41. Kd3 Ke6 42. Kc4 Nec7 43. Bd4 a3 44. Kb3 Kd7 45. g4 Nd5 46. Kc4
Kc6 47. Bg7 fxg4 0-1

[Event "Unna Open 2023"]
[Site "Unna"]
[Date "2023.12.28"]
[Round "4.31"]
[White "Wiese, Thomas"]
[Black "Kasnatschenko, Ilayda"]
[Result "1/2-1/2"]
[WhiteElo "1694"]
[BlackElo "1242"]
[PlyCount "64"]
[EventDate "2023.12.??"]
[EventType "swiss"]
[EventRounds "7"]
[EventCountry "GER"]
[Tiebreak "Progressive score"]
[SourceVersionDate "2023.12.27"]

1. e4 e5 2. Nf3 Nf6 3. Nc3 Nc6 4. d4 Bd6 5. Bc4 O-O 6. O-O Re8 7. Re1 Bb4 8.
dxe5 Nxe5 9. Nxe5 Rxe5 10. f4 Re8 11. e5 Bxc3 12. bxc3 d5 13. Bd3 Ne4 14. Bxe4
dxe4 15. Qxd8 Rxd8 16. Rxe4 Bf5 17. Re2 Rd1+ 18. Kf2 Rad8 19. Bb2 R1d2 20. Rae1
Rxc2 21. Rxc2 Bxc2 22. Bc1 Rd1 23. Rxd1 Bxd1 24. Be3 a6 25. Bc5 Bg4 26. h3 Be6
27. a3 g6 28. Be7 h5 29. Bd8 c6 30. Ke3 Kf8 31. Kd4 Ke8 32. Bf6 Kd7 1/2-1/2

[Event "Unna Open 2023"]
[Site "Unna"]
[Date "2023.12.28"]
[Round "4.32"]
[White "Richter, Marc"]
[Black "Dolheimer, Peter"]
[Result "1-0"]
[WhiteElo "1651"]
[BlackElo "1253"]
[PlyCount "35"]
[EventDate "2023.12.??"]
[EventType "swiss"]
[EventRounds "7"]
[EventCountry "GER"]
[Tiebreak "Progressive score"]
[SourceVersionDate "2023.12.27"]

1. c4 c5 2. Nc3 Nf6 3. e4 Nc6 4. g3 e5 5. Bg2 d6 6. d3 Be6 7. Nge2 Be7 8. Nd5
O-O 9. O-O Qd7 10. f4 Bh3 11. Nxf6+ Bxf6 12. f5 Bxg2 13. Kxg2 Qe7 14. Bd2 g6
15. Qc1 Qd7 16. Bh6 Rfe8 17. fxg6 hxg6 18. Rxf6 1-0

[Event "Unna Open 2023"]
[Site "Unna"]
[Date "2023.12.28"]
[Round "4.33"]
[White "Willems, Marcus"]
[Black "Nadan, Nikolas"]
[Result "0-1"]
[WhiteElo "1414"]
[BlackElo "1641"]
[Annotator "Medger,Gernot"]
[PlyCount "108"]
[EventDate "2023.12.??"]
[EventType "swiss"]
[EventRounds "7"]
[EventCountry "GER"]
[Tiebreak "Progressive score"]
[SourceVersionDate "2023.12.27"]

1. e4 c5 2. Nf3 d6 3. d4 cxd4 4. Nxd4 Nf6 5. Nc3 g6 6. Be3 Bg7 7. f3 Nc6 8. Qd2
O-O 9. O-O-O a6 10. Kb1 Bd7 11. g4 Ne5 12. Bh6 b5 13. h4 b4 14. Nd5 Nxd5 15.
exd5 a5 16. h5 Bxh6 17. Qxh6 g5 18. Qxg5+ Kh8 19. Nf5 Bxf5 20. Qxf5 Qc8 21. Qe4
f5 22. Qd4 Qc5 23. Qxc5 $11 dxc5 24. Be2 fxg4 25. fxg4 Rf4 26. Rhe1 Ra7 27. Rf1
Re4 28. Rfe1 Nxg4 29. Bxg4 Rxg4 30. d6 exd6 31. Rxd6 Rag7 32. Re8+ Rg8 33.
Rxg8+ Kxg8 34. Kc1 Rg5 35. h6 Rh5 36. Kd2 Rh1 37. Ra6 a4 38. Kd3 Rh4 39. Kd2 c4
40. Rxa4 c3+ 41. bxc3 bxc3+ 42. Kxc3 Rxa4 43. Kb3 Ra6 44. c4 Rxh6 45. Kb4 Rb6+
46. Ka5 Rb1 47. a4 Kf7 48. Ka6 Ke6 49. a5 Rb4 50. c5 Kd5 51. Ka7 Kxc5 52. a6
Ra4 53. Kb7 h5 54. a7 Rxa7+ 0-1

[Event "Unna Open 2023"]
[Site "Unna"]
[Date "2023.12.28"]
[Round "4.35"]
[White "Stammen, York Magnus"]
[Black "Konrad, Alechander"]
[Result "1/2-1/2"]
[WhiteElo "1355"]
[BlackElo "1625"]
[Annotator "Medger,Gernot"]
[PlyCount "39"]
[EventDate "2023.12.??"]
[EventType "swiss"]
[EventRounds "7"]
[EventCountry "GER"]
[Tiebreak "Progressive score"]
[SourceVersionDate "2023.12.27"]

1. Nf3 Nf6 2. g3 g6 3. Bg2 Bg7 4. O-O c6 5. d4 d5 6. c4 O-O 7. cxd5 cxd5 8. Nc3
Nc6 9. Re1 Bg4 10. Ne5 Bf5 11. Qa4 Qb6 12. Be3 Qxb2 13. Rac1 Qb4 14. Qxb4 Nxb4
15. Bg5 e6 16. Bxf6 Bxf6 17. Nd7 Kg7 18. Nxf8 Kxf8 19. Red1 Nc6 20. e3 $11
1/2-1/2

[Event "Unna Open 2023"]
[Site "Unna"]
[Date "2023.12.28"]
[Round "4.36"]
[White "Knetsch, Alfred"]
[Black "Bintig, Til"]
[Result "1-0"]
[WhiteElo "1581"]
[BlackElo "1322"]
[PlyCount "120"]
[EventDate "2023.12.??"]
[EventType "swiss"]
[EventRounds "7"]
[EventCountry "GER"]
[Tiebreak "Progressive score"]
[SourceVersionDate "2023.12.27"]

1. c4 e5 2. Nc3 Nc6 3. g3 Nf6 4. Bg2 Be7 5. e4 d6 6. Nge2 Bg4 7. h3 Be6 8. d3
Qd7 9. a3 a5 10. g4 h6 11. Nb5 Qc8 12. Ng3 Nd4 13. Nxd4 exd4 14. O-O c5 15. f4
O-O 16. f5 Bd7 17. g5 hxg5 18. Bxg5 Re8 19. Qf3 Qd8 20. Rae1 Nh7 21. Bxe7 Qxe7
22. Nh5 f6 23. Qg3 Qf8 24. h4 Ra6 25. Kh1 Re7 26. Rg1 Rb6 27. Rb1 Be8 28. Nf4
Bf7 29. Bf3 Rd7 30. Rg2 Be8 31. Rbg1 Kh8 32. Bh5 Rc6 33. Ne6 Qe7 34. Bxe8 Qxe8
35. Nxg7 Qg8 36. Ne6 Qxg3 37. Rxg3 Rc8 38. Rg7 Rxg7 39. Rxg7 Rb8 40. Rd7 b5 41.
cxb5 Nf8 42. Nxf8 Rxf8 43. Rxd6 Kg7 44. Kg2 Rg8 45. Kf3 Rh8 46. Kg4 Re8 47. b6
c4 48. Rxd4 cxd3 49. Kf4 Rh8 50. Rxd3 Rxh4+ 51. Ke3 Rh3+ 52. Kd4 Rh8 53. b7 Rb8
54. Rb3 Kf7 55. Kd5 a4 56. Rb6 Ke7 57. Kc6 Kd8 58. Ra6 Ke7 59. Ra8 Rf8 60. Rxf8
Kxf8 1-0

[Event "Unna Open 2023"]
[Site "Unna"]
[Date "2023.12.28"]
[Round "4.37"]
[White "Le, Elias"]
[Black "Scholtyßek, Normann"]
[Result "0-1"]
[WhiteElo "1317"]
[BlackElo "1559"]
[PlyCount "86"]
[EventDate "2023.12.??"]
[EventType "swiss"]
[EventRounds "7"]
[EventCountry "GER"]
[Tiebreak "Progressive score"]
[SourceVersionDate "2023.12.27"]

1. e4 c5 2. Nf3 d6 3. d4 cxd4 4. Nxd4 Nf6 5. Nc3 a6 6. Bd3 e6 7. O-O Be7 8. f4
Qb6 9. Kh1 Bd7 10. Nce2 e5 11. Nf3 Ng4 12. Qe1 Bc6 13. h3 Nf6 14. fxe5 dxe5 15.
Nxe5 O-O 16. Nc4 Qd8 17. Nc3 b5 18. Ne3 Bd6 19. Nf5 Be5 20. Bf4 Nbd7 21. Bxe5
Nxe5 22. Qg3 Ng6 23. Rad1 Qb8 24. Qxb8 Raxb8 25. Rfe1 Ne5 26. Ne7+ Kh8 27. Nxc6
Nxc6 28. e5 Nh5 29. g4 Nf4 30. Kh2 Rfe8 31. Rf1 g5 32. Bf5 Nxe5 33. Ne4 h6 34.
h4 Nxg4+ 35. Kg3 Ne3 36. hxg5 Ne2+ 37. Kf2 Nxf1 38. Rxf1 Nd4 39. Ke3 Nxf5+ 40.
Rxf5 Re7 41. gxh6 Kh7 42. Rh5 Rbe8 43. Rh4 f5 0-1

[Event "Unna Open 2023"]
[Site "Unna"]
[Date "2023.12.28"]
[Round "4.38"]
[White "Jacob, Phil"]
[Black "Lohkämper, Thomas"]
[Result "1-0"]
[WhiteElo "1279"]
[BlackElo "1550"]
[PlyCount "71"]
[EventDate "2023.12.??"]
[EventType "swiss"]
[EventRounds "7"]
[EventCountry "GER"]
[Tiebreak "Progressive score"]
[SourceVersionDate "2023.12.27"]

1. b3 Nf6 2. Bb2 d5 3. e3 Bf5 4. Nf3 e6 5. d3 Nbd7 6. Be2 Be7 7. Nbd2 O-O 8.
Nh4 c6 9. Nxf5 exf5 10. O-O Qc7 11. c4 Bd6 12. Nf3 Rae8 13. Qc2 Re6 14. Rac1
Rfe8 15. Qc3 Bf8 16. Ng5 Ng4 17. Bxg4 fxg4 18. Nxe6 Rxe6 19. cxd5 Rh6 20. g3 f6
21. Qc4 Ne5 22. Bxe5 Qxe5 23. dxc6+ Kh8 24. Qxg4 bxc6 25. Rxc6 f5 26. Rc8 Rf6
27. Qb4 Kg8 28. Qc4+ Kh8 29. Rc1 g5 30. Qc5 Qxc5 31. R1xc5 Kg7 32. R5c7+ Kg6
33. Rxa7 f4 34. Rac7 Kf5 35. Rc6 Rf7 36. R8c7 1-0

[Event "Unna Open 2023"]
[Site "Unna"]
[Date "2023.12.28"]
[Round "4.39"]
[White "Cassel, Silas"]
[Black "Ait Khouya, Muhammad"]
[Result "1-0"]
[WhiteElo "1545"]
[BlackElo "1298"]
[PlyCount "59"]
[EventDate "2023.12.??"]
[EventType "swiss"]
[EventRounds "7"]
[EventCountry "GER"]
[Tiebreak "Progressive score"]
[SourceVersionDate "2023.12.27"]

1. d4 d5 2. Nf3 Nf6 3. c3 e6 4. Bf4 c5 5. e3 Nc6 6. Nbd2 Bd6 7. Bg3 a6 8. a4
O-O 9. Bd3 c4 10. Bc2 Be7 11. e4 Re8 12. e5 Nd7 13. h4 h6 14. Bf4 Nf8 15. h5
Bd7 16. Nf1 b5 17. axb5 axb5 18. Rxa8 Qxa8 19. Ne3 Qa2 20. Qc1 Ra8 21. Ke2 b4
22. Ng4 Na5 23. Bxh6 Nb3 24. Bxb3 Qxb3 25. Bxg7 bxc3 26. Qh6 Qxb2+ 27. Ke3 Nh7
28. Nf6+ Bxf6 29. Bxf6 Nxf6 30. exf6 1-0

[Event "Unna Open 2023"]
[Site "Unna"]
[Date "2023.12.28"]
[Round "4.40"]
[White "Ploeger, Marc Andre"]
[Black "Soppe, Victoria"]
[Result "1/2-1/2"]
[WhiteElo "1523"]
[BlackElo "1275"]
[PlyCount "91"]
[EventDate "2023.12.??"]
[EventType "swiss"]
[EventRounds "7"]
[EventCountry "GER"]
[Tiebreak "Progressive score"]
[SourceVersionDate "2023.12.27"]

1. e4 e5 2. Nf3 Nc6 3. d4 exd4 4. Nxd4 Nf6 5. Nc3 Bb4 6. Nxc6 dxc6 7. Qxd8+
Kxd8 8. Bd3 Ke7 9. O-O Re8 10. Bg5 Bxc3 11. bxc3 Kf8 12. Rfe1 Be6 13. f4 h6 14.
Bh4 a6 15. f5 Bd7 16. Re2 Ng4 17. h3 Ne5 18. g4 b5 19. Bg3 c5 20. Bxe5 Rxe5 21.
c4 Bc6 22. Rae1 Rae8 23. cxb5 axb5 24. c3 f6 25. Kf2 b4 26. cxb4 cxb4 27. Kf3
Bb5 28. Bxb5 Rxb5 29. Rc1 c5 30. Rd2 Ra8 31. Rcc2 Ra3+ 32. Kg2 Ke7 33. h4 Re3
34. Re2 Rxe2+ 35. Rxe2 b3 36. axb3 Rxb3 37. Rc2 Rb5 38. Kf3 Kd6 39. Kf4 Rb4 40.
Rc3 Kc6 41. Rd3 c4 42. Rc3 Kc5 43. g5 hxg5+ 44. hxg5 Rb3 45. Rc1 Rb2 46. gxf6
1/2-1/2

[Event "Unna Open 2023"]
[Site "Unna"]
[Date "2023.12.28"]
[Round "4.41"]
[White "Pollok, Jörg"]
[Black "Scholtyßek, Norbert"]
[Result "1-0"]
[WhiteElo "1251"]
[BlackElo "1497"]
[Annotator "Medger,Gernot"]
[PlyCount "133"]
[EventDate "2023.12.??"]
[EventType "swiss"]
[EventRounds "7"]
[EventCountry "GER"]
[Tiebreak "Progressive score"]
[SourceVersionDate "2023.12.27"]

1. e4 d5 2. e5 c5 3. c3 Nc6 4. d4 Qb6 5. dxc5 Qxc5 6. Be3 Qa5 7. Bd4 e6 8. Nf3
g6 9. Bd3 Bg7 10. O-O Nge7 11. Re1 Bd7 12. b4 Qc7 13. Nbd2 O-O 14. b5 Nxd4 15.
cxd4 $11 Qb6 16. a4 Rfc8 17. Nb3 Bh6 18. h4 Qd8 19. Nh2 b6 20. Ng4 Bg7 21. h5
Qf8 22. h6 Bxh6 23. Nf6+ Kh8 24. Nxd7 Qd8 25. Nf6 Ng8 26. Ng4 Bf8 27. Re3 h5
28. Rh3 Bh6 29. Nxh6 Nxh6 30. Nd2 Kg7 31. Nf3 Rc3 32. Rc1 Rac8 33. Rxc3 Rxc3
34. Ne1 Qe7 35. Bf5 Rxh3 36. Bxh3 Qb4 37. Nf3 Qc3 38. g3 Kf8 39. Bf1 Kg7 40.
Bd3 Ng4 41. Kg2 Qb2 42. Qc2 Qa3 43. Nh2 Nh6 44. Nf3 Qb4 45. Qd1 Ng4 46. Bc2 Qc3
47. Qd3 Qc7 $11 48. Nh4 Kf8 49. Bb1 Qc4 50. Qxc4 dxc4 51. Ba2 c3 52. Bb3 Nh6
53. Kf3 g5 54. Ng2 Nf5 55. Ke4 h4 56. gxh4 gxh4 57. Nf4 Kg7 58. Kd3 Kh6 59. Nh3
Kg6 60. Kxc3 Nh6 61. Bc2+ Kh5 62. Bd1+ Kg6 63. Kd3 Kf5 64. Ke3 Ng4+ 65. Kf3
Nxe5+ 66. dxe5 Kxe5 67. Kg4 1-0

[Event "Unna Open 2023"]
[Site "Unna"]
[Date "2023.12.28"]
[Round "4.42"]
[White "Buchhop, Rainer"]
[Black "Lauenstein, Nico"]
[Result "1-0"]
[WhiteElo "1493"]
[BlackElo "1266"]
[PlyCount "43"]
[EventDate "2023.12.??"]
[EventType "swiss"]
[EventRounds "7"]
[EventCountry "GER"]
[Tiebreak "Progressive score"]
[SourceVersionDate "2023.12.27"]

1. Nf3 d5 2. c4 c6 3. e3 Nf6 4. Nc3 Nbd7 5. b3 e6 6. Bb2 Be7 7. Qc2 c5 8. cxd5
exd5 9. Be2 b6 10. g4 Bb7 11. Rg1 h6 12. d3 a6 13. O-O-O Qc7 14. Kb1 O-O-O 15.
Rc1 Kb8 16. h4 Ne8 17. d4 f6 18. h5 Nd6 19. Nh4 Rhe8 20. Bd3 Bc8 21. Bg6 Rg8
22. Nxd5 1-0